El arte de la Escultura

保存先:
書誌詳細
第一著者: Read, Herbert Edward (著者)
フォーマット: 図書
言語:スペイン語
出版事項: Buenos Aires Eme 1994
主題:
タグ: タグ追加
タグなし, このレコードへの初めてのタグを付けませんか!

MARC

LEADER 00000cam a2200000 a 4500
001 UCF2529
003 CL-VaPUC
008 120824e19940000AG |||||||||||||||||spa|d
020 |a 9509835064 
082 0 4 |a 730  |b REA  |2 21 
100 0 |a Read, Herbert Edward  |e author  |9 564214 
245 1 3 |a El arte de la Escultura 
300 |a 238 p 
942 |c BK 
945 |d 20120824 00:00:00  |a dcastane 
260 |a Buenos Aires  |b Eme  |c 1994 
650 0 |a Escultura  |9 265737 
650 0 |a Arte  |9 265238 
650 0 |a Historia del arte  |9 314877 
583 |a last modification  |c 20120824 12:41:00  |k Rodrigo Vera 
999 |c 349085  |d 349083 
952 |0 0  |1 0  |4 0  |6 730_000000000000000_REA_1994  |7 0  |8 R  |9 451479  |a BIBART  |b BIBART  |d 2019-11-22  |i 489703K  |o 730 REA 1994  |p 489703K  |r 2025-03-13  |w 2019-11-22  |y BK_R  |k ART